<?xml version="1.0" encoding="UTF-8"?><?xml-stylesheet type="text/xsl" href="static/style.xsl"?><OAI-PMH xmlns="http://www.openarchives.org/OAI/2.0/" xmlns:xsi="http://www.w3.org/2001/XMLSchema-instance" xsi:schemaLocation="http://www.openarchives.org/OAI/2.0/ http://www.openarchives.org/OAI/2.0/OAI-PMH.xsd"><responseDate>2026-06-02T23:49:28Z</responseDate><request verb="GetRecord" identifier="oai:riuma.uma.es:10630/19680" metadataPrefix="marc">https://riuma.uma.es/rest/oai/request</request><GetRecord><record><header><identifier>oai:riuma.uma.es:10630/19680</identifier><datestamp>2026-02-03T11:53:06Z</datestamp><setSpec>com_10630_2254</setSpec><setSpec>col_10630_37959</setSpec></header><metadata><record xmlns="http://www.loc.gov/MARC21/slim" xmlns:dcterms="http://purl.org/dc/terms/" xmlns:doc="http://www.lyncode.com/xoai" xmlns:xsi="http://www.w3.org/2001/XMLSchema-instance" xsi:schemaLocation="http://www.loc.gov/MARC21/slim http://www.loc.gov/standards/marcxml/schema/MARC21slim.xsd">
   <leader>00925njm 22002777a 4500</leader>
   <datafield ind2=" " ind1=" " tag="042">
      <subfield code="a">dc</subfield>
   </datafield>
   <datafield ind2=" " ind1=" " tag="720">
      <subfield code="a">Galán-García, José Luis</subfield>
      <subfield code="e">author</subfield>
   </datafield>
   <datafield ind2=" " ind1=" " tag="720">
      <subfield code="a">Aguilera-Venegas, Gabriel</subfield>
      <subfield code="e">author</subfield>
   </datafield>
   <datafield ind2=" " ind1=" " tag="720">
      <subfield code="a">Rodríguez-Cielos, Pedro</subfield>
      <subfield code="e">author</subfield>
   </datafield>
   <datafield ind2=" " ind1=" " tag="720">
      <subfield code="a">Galán-García, María Ángeles</subfield>
      <subfield code="e">author</subfield>
   </datafield>
   <datafield ind2=" " ind1=" " tag="720">
      <subfield code="a">Padilla-Domínguez, Yolanda Carmen</subfield>
      <subfield code="e">author</subfield>
   </datafield>
   <datafield ind2=" " ind1=" " tag="720">
      <subfield code="a">Atencia-McKillop, Iván</subfield>
      <subfield code="e">author</subfield>
   </datafield>
   <datafield ind2=" " ind1=" " tag="720">
      <subfield code="a">Rodríguez-Cielos, Ricardo</subfield>
      <subfield code="e">author</subfield>
   </datafield>
   <datafield ind2=" " ind1=" " tag="260">
      <subfield code="c">2020-07-24</subfield>
   </datafield>
   <datafield ind2=" " ind1=" " tag="520">
      <subfield code="a">Partial Differential Equations (PDE) are an important topic within the Engineering Degrees syllabus. In addition, many students find some dificulties in the learning process of this topic. Therefore, the use of didactical tools to improve the teaching and learning process of PDE is very helpful.&#xd;
In this talk, we introduce the solver SPDES (Stepwise Partial Differential Equation Solver), an extension of SFOPDES introduced in [1] where only  first order PDE were considered. This new solver SPDES deals also with some second order PDE. It can be used as a self tutorial for PDE since it solves, step by step, the typical exercises within the topic.&#xd;
Specifically, the type of PDE that SPDES can solve are:&#xd;
1. Pfaff  Differential Equations.&#xd;
2. Quasi-linear PDE.&#xd;
3. Lagrange-Charpit Method for first order PDE.&#xd;
4. Heat equation.&#xd;
5. Wave equation.&#xd;
6. Laplace's equation.&#xd;
where the fi rst three types where considered in SFOPDES and the last three types are new in SPDES.&#xd;
SPDES has been developed using the programming capabilities of a Computer Algebra System (CAS), displaying step by step the solution of the problem to be solved. This way, we potentiate the use of the CAS as a Pedagogical CAS (PeCAS). This fact makes SPDES to be an important tool for students which can use it as a tutorial for their learning process.</subfield>
   </datafield>
   <datafield ind1="8" ind2=" " tag="024">
      <subfield code="a">https://hdl.handle.net/10630/19680</subfield>
   </datafield>
   <datafield tag="653" ind2=" " ind1=" ">
      <subfield code="a">Ecuaciones diferenciales</subfield>
   </datafield>
   <datafield tag="653" ind2=" " ind1=" ">
      <subfield code="a">Aplicaciones informáticas</subfield>
   </datafield>
   <datafield tag="653" ind2=" " ind1=" ">
      <subfield code="a">Matemáticas - Estudio y enseñanza</subfield>
   </datafield>
   <datafield ind2="0" ind1="0" tag="245">
      <subfield code="a">SPDES: A Stepwise Solver for Teaching Partial Differential Equations</subfield>
   </datafield>
</record>
</metadata></record></GetRecord></OAI-PMH>